|
|
|
|
| LEADER |
00620 a2200133 4500 |
| 008 |
100208b ||||| |||| 00| 0 eng d |
| 082 |
|
|
|a 338.18
|
| 100 |
|
|
|a National commission on agriculture.
|
| 245 |
|
|
|a Report of the national commission on agriculture :
|b resource development /
|
| 260 |
|
|
|b Controller of publications,
|a Delhi:
|c 1976.
|
| 700 |
|
|
|a Delhi.Ministry of agriculture and irrigation.
|
| 942 |
|
|
|c BK
|
| 999 |
|
|
|c 312422
|d 312422
|
| 952 |
|
|
|0 0
|1 0
|2 ddc
|4 0
|6 338_180000000000000_NAT_RE
|7 0
|9 358519
|a ECN
|b ECN
|c GEN
|d 2010-09-07
|e Indian Documentation Service, New Delhi
|g 0.00
|i 2933
|l 0
|o 338.18 NAT/RE
|p ECN2933
|r 2010-09-07
|w 2010-09-07
|y BK
|